| 000 | 00467nam a2200169 4500 | ||
|---|---|---|---|
| 003 | SEACOMMC | ||
| 005 | 20250426130514.0 | ||
| 008 | 241210b |||||||| |||| 00| 0 eng d | ||
| 020 |
_a978-0-7619-3561-2 _cRs.595.00 |
||
| 040 | _aSEACOMMC | ||
| 082 |
_a070.4 _bR 197 |
||
| 100 | _a Rajan, Nalini | ||
| 245 | 1 |
_a21st Century Journalism in India _cedited by Nalini Rajan |
|
| 260 |
_aNew Delhi _b Sage Publications _c 2007 |
||
| 650 | _a Journalism-India | ||
| 942 | _cBOOK | ||
| 999 |
_c854 _d854 |
||